PLANT BREEDING AND THE NUTRITIVE VALUE OF CROP RESIDUES (Record no. 16135)

MARC details
000 -LEADER
fixed length control field 00444nam a22001697a 4500
003 - CONTROL NUMBER IDENTIFIER
control field OSt
005 - DATE AND TIME OF LATEST TRANSACTION
control field 20211101152352.0
008 - FIXED-LENGTH DATA ELEMENTS--GENERAL INFORMATION
fixed length control field 211101b |||||||| |||| 00| 0 eng d
020 ## - INTERNATIONAL STANDARD BOOK NUMBER
International Standard Book Number 9290530944
040 ## - CATALOGING SOURCE
Transcribing agency HAWASSA UNIVERSITY
050 ## - LIBRARY OF CONGRESS CALL NUMBER
Classification number 636.085/PLA
Item number 6
082 ## - DEWEY DECIMAL CLASSIFICATION NUMBER
Classification number 636.085/PLA
Item number 6
245 ## - TITLE STATEMENT
Title PLANT BREEDING AND THE NUTRITIVE VALUE OF CROP RESIDUES
260 ## - PUBLICATION, DISTRIBUTION, ETC.
Place of publication, distribution, etc. ADDIS ABABA
Name of publisher, distributor, etc. ETHIPIA
Date of publication, distribution, etc. 1988
300 ## - PHYSICAL DESCRIPTION
Extent xi334
942 ## - ADDED ENTRY ELEMENTS (KOHA)
Source of classification or shelving scheme Dewey Decimal Classification
Koha item type Books like text book referance book
Suppress in OPAC No
Holdings
Withdrawn status Lost status Source of classification or shelving scheme Damaged status Not for loan Home library Current library Date acquired Total Checkouts Full call number Barcode Date last seen Copy number Price effective from Koha item type
    Dewey Decimal Classification     College of Agriculture Library College of Agriculture Library 11/01/2021   636.085/PLA ALIB0007624 11/01/2021 4 11/01/2021 Books like text book referance book
    Dewey Decimal Classification     College of Agriculture Library College of Agriculture Library 11/01/2021   636.085/PLA ALIB0012856 11/01/2021 8 11/01/2021 Books like text book referance book
    Dewey Decimal Classification     College of Agriculture Library College of Agriculture Library 11/01/2021   636.085/PLA ALIB0007626 11/01/2021 9 11/01/2021 Books like text book referance book
    Dewey Decimal Classification     College of Agriculture Library College of Agriculture Library 11/01/2021   636.085/PLA ALIB0007627 11/01/2021 10 11/01/2021 Books like text book referance book
    Dewey Decimal Classification     College of Agriculture Library College of Agriculture Library 11/01/2021   636.085/PLA ALIB0007628 11/01/2021 13 11/01/2021 Books like text book referance book
    Dewey Decimal Classification     College of Agriculture Library College of Agriculture Library 11/01/2021   636.085/PLA ALIB0007629 11/01/2021 18 11/01/2021 Books like text book referance book